Take Two: Student`s Book
Guardat en:
| Autor principal: | |
|---|---|
| Format: | Llibre |
| Idioma: | Undetermined |
| Publicat: |
Hong Kong, China
Macmillan Publishers
1990
|
| Matèries: | |
| Etiquetes: |
Afegir etiqueta
Sense etiquetes, Sigues el primer a etiquetar aquest registre!
|
MARC
| LEADER | 00000nam a2200000Ia 4500 | ||
|---|---|---|---|
| 008 | 170316s9999 xx 000 0 und d | ||
| 090 | |a 415-I W-10ta | ||
| 100 | |a White, Ron; Olearski, Janet y William, Eddie | ||
| 245 | |a Take Two: Student`s Book | ||
| 260 | |a Hong Kong, China | ||
| 260 | |b Macmillan Publishers | ||
| 260 | |c 1990 | ||
| 300 | |a 178 páginas | ||
| 650 | |a GRAMÁTICA INGLESA | ||
| 999 | |c 19560 |d 19560 | ||
| 040 | |a cru BVZT | ||
| 942 | |c 15 D |h 415-I W-10ta |2 z | ||
